Nace una actriz /
Descripción Física:
Il·lustracions
Colección:
San Jorge,
; núm. 13 (gener 1954), pàg 33-35
Otros Autores:
Dimas, Ramón
Materias:
Martorell, Marta, -- 1934-
; Martorell, Marta, -- 1934- -- Intervius
; Instituto del Teatro (Barcelona, Catalunya)
Idioma:
Español
MARC
| LEADER | 00000naa a2200000 a 4500 | ||
|---|---|---|---|
| 003 | Arxiu | ||
| 005 | 20260324181047.0 | ||
| 008 | 160829s1954 spcaxx s spa c | ||
| 040 | |a agdb | ||
| 100 | |a Oliveras, Alberto |9 29543 | ||
| 245 | 1 | 0 | |a Nace una actriz / |c por Alberto Oliveras ; fotos R. Dimas |
| 300 | |b Il·lustracions | ||
| 490 | |a San Jorge, |v núm. 13 (gener 1954), pàg 33-35 | ||
| 590 | |a Fotografies de: Dimas, Ramón | ||
| 600 | 1 | 0 | |9 54890 |a Martorell, Marta, |d 1934- |
| 600 | 1 | 0 | |9 54891 |a Martorell, Marta, |d 1934- |v Intervius |
| 610 | 2 | 0 | |a Instituto del Teatro (Barcelona, Catalunya) |9 54846 |
| 700 | 1 | |9 54761 |a Dimas, Ramón |e fotografies | |
| 773 | |g Núm. 13 (gener 1954), pàg 33-35 |t San Jorge. | ||
| 901 | |a Arxiu | ||
| 942 | |n 1 |2 udc |c ART | ||
| 952 | |0 0 |1 0 |4 0 |6 REV509 |7 1 |9 64745 |a Arxiu |b Arxiu |d 2022-12-12 |l 0 |o Rev-509 |r 2022-12-12 00:00:00 |w 2022-12-12 |y ARXIU |z També disponible a Rev-523 | ||
| 999 | |c 52194 |d 52194 | ||